00955nam a2200265 u 4500001001000000003000900010005001700019007000300036008004000039040002500079082001900104110008400123245009000207260008100297300002100378490001400399500009900413700003100512700001800543700002000561700003600581700003400617700002400651830001400675000002979DO-SdBNP20250307114820.0ta090706s1982 dr r 000 0 spa d aDO-SdBNPbspacBNPHU bC397i222axxx2 aCentro de Estudios Monetarios y Bancarios (Santo Domingo, República Dominica)13aLas instituciones financieras y el mercado de valores en la República Dominicana. / aRepública Dominicana :bCentro de Estudios Monetarios y Bancarios ,c1982. a134 p. :c21 cm.1 aProgramas aEsta publicación ha sido auspiciada por Financiera Interamericana, S. A. Banco de Desarrollo12aAlvarez Betancourt, Opinio12aLlibre, Julio12aVolmar, Gustavo12aLópez Valdés, José Manuel12aRodríguez Gómez, Antonio 12aBarreiro, Teófilo 1aProgramas